[Event "RSA-chT U18"]
[Site "Cape Town"]
[Date "2016.01.06"]
[Round "6.6"]
[White "Naidoo, Saiyuri"]
[Black "Veldsman, Juvan"]
[Result "1/2-1/2"]
[WhiteElo "1291"]
[BlackElo "1138"]
[PlyCount "50"]
[EventDate "2016.01.04"]
[EventType "team-tourn"]
[EventRounds "7"]
[EventCountry "RSA"]
[SourceTitle "CBM 170 Extra"]
[Source "ChessBase"]
[SourceDate "2016.02.25"]
[SourceVersion "1"]
[SourceVersionDate "2016.02.25"]
[SourceQuality "1"]
[WhiteTeam "Ethekwini"]
[BlackTeam "Sedibeng"]
[WhiteTeamCountry "RSA"]
[BlackTeamCountry "RSA"]

1. e4 e5 2. Nf3 Nc6 3. Bb5 a6 4. Ba4 h6 5. 0-0 Nf6 6. Re1 Bc5 7. c3 0-0 8. d4 exd4 9. cxd4 Bb4 10. Bd2 Re8 11. Bc2 d6 12. h3 Ba5 13. Bxa5 Nxa5 14. Nbd2 b5 15. Nf1 Nc4 16. b3 Nb6 17. Ng3 a5 18. Bd3 c6 19. Rc1 Bd7 20. Qd2 a4 21. Qb4 axb3 22. axb3 Rc8 23. Qxd6 Re6 24. Qf4 Qe7 25. Nf5 Qb4 1/2-1/2